<?xml version="1.0" encoding="UTF-8"?>
<marc:record xmlns:marc="http://www.loc.gov/MARC21/slim">
   <marc:leader>00000nam a2200000 a 4500</marc:leader>
   <marc:datafield ind1="1" ind2=" " tag="100">
      <marc:subfield code="a">Parvela, Timo</marc:subfield>
      <marc:subfield code="4">aut</marc:subfield>
      <marc:subfield code="e">Verfasser/-in</marc:subfield>
   </marc:datafield>
   <marc:datafield ind1="1" ind2=" " tag="100">
      <marc:subfield code="a">Wilharm, Sabine [Ill.]</marc:subfield>
      <marc:subfield code="4">aut</marc:subfield>
      <marc:subfield code="e">Verfasser/-in</marc:subfield>
   </marc:datafield>
   <marc:datafield ind1="0" ind2="0" tag="245">
      <marc:subfield code="a">Ella in der zweiten Klasse</marc:subfield>
   </marc:datafield>
   <marc:datafield ind1="0" ind2="0" tag="245">
      <marc:subfield code="c">Timo Parvela ; Sabine ¬[Ill.]¬ Wilharm</marc:subfield>
   </marc:datafield>
   <marc:datafield ind1=" " ind2="1" tag="264">
      <marc:subfield code="a">München</marc:subfield>
      <marc:subfield code="b">Hanser, Carl</marc:subfield>
   </marc:datafield>
   <marc:datafield ind1=" " ind2=" " tag="250">
      <marc:subfield code="a">1. Aufl.</marc:subfield>
   </marc:datafield>
   <marc:datafield ind1="1" ind2=" " tag="520">
      <marc:subfield code="a">Die lustigsten Sachen passieren immer in der Schule, darum gehen Ella und ihre Freunde auch in der zweiten Klasse noch gern hin. Lustig ist zum Beispiel, dass der Lehrer mit ihnen für die Schülerolympiade Sackhüpfen trainiert und sogar mit der Direktorin um die Wette hüpft. Gewonnen hätte die Direktorin, wenn sie nicht die Gießkanne vor der Rosenhecke beim Eingangstor übersehen hätte. Dabei hatte sie die selber dort abgestellt. Zum Glück ist ihr nichts wirklich Schlimmes passiert. Höchstens zwei Wochen, sagt die Schulkrankenschwester, dann ist alles wieder heil. Der zweite Band von Ella - ein Buch für die Schultüte, mit witzigen Illustrationen von Sabine Wilharm! Bei der Vorstellung der Neuerscheinungen Herbst 2008 präsentiert. Achtung: BW 23 bereits im Bestand. Vorgängerband in vielen BWs im Bestand.</marc:subfield>
   </marc:datafield>
   <marc:datafield ind1=" " ind2=" " tag="020">
      <marc:subfield code="a">9783446231108</marc:subfield>
      <marc:subfield code="9">9783446231108</marc:subfield>
   </marc:datafield>
   <marc:datafield ind1=" " ind2=" " tag="041">
      <marc:subfield code="a">ger</marc:subfield>
   </marc:datafield>
   <marc:datafield ind1=" " ind2=" " tag="300">
      <marc:subfield code="a">155 S. : Ill.</marc:subfield>
   </marc:datafield>
</marc:record>
